Copa Mundial de la FIFA 1982 - Estadísticas

Estadísticas generales
  • Esta prueba ha sido intentada 140 veces
  • La puntuación promedio es 18 de 24
Estadísticas de respuestas
GRUPO % Correcto
Argentina
99%
Brasil
99%
España
98%
Italia
98%
Alemania Federal
95%
Francia
93%
Inglaterra
89%
Chile
83%
Yugoslavia
82%
Perú
81%
Bélgica
80%
Polonia
77%
Camerún
76%
Hungría
76%
Austria
75%
Unión Soviética
65%
Escocia
63%
El Salvador
61%
Argelia
60%
Checoslovaquia
60%
Honduras
60%
Irlanda del Norte
55%
Nueva Zelanda
54%
Kuwait
37%
No se encontraron pruebas coincidentes
Distribución de puntuación
Porcentaje de gente con cada puntuación
Porcentaje por número respondido
Historial de tus puntuaciones
No has intentado esta prueba.